000 00444nam a2200157Ia 4500
999 _c5799
_d5799
003 OSt
005 20200118095217.0
008 190216s9999||||xx |||||||||||||| ||und||
040 _coclc
082 _a658
_bVAR/P
100 _aVarma, M M
_9585
245 0 _aPrinciples Of Management /
_cM M Varma ; R K Agarwal
260 _bKing`S Books,
_c1999.
_a Delhi:
300 _a359p
942 _cBK
_2ddc
_h658
_iVAR/P
_k658
_mVAR/P